| 000 | 00479cam a2200181ua 4500 | ||
|---|---|---|---|
| 001 | 5398 | ||
| 008 | 150302n ii |||gr||||Z||||||asm | ||
| 040 | _cMAIN | ||
| 041 | _aasm | ||
| 082 | _a891.451 | ||
| 100 |
_aMahanta, Keshada, _eAuthor, |
||
| 245 |
_aAsomiya ramayani sahitya: kathabostur atiguri _cby Keshada Mahanta |
||
| 250 | _a1st. | ||
| 260 |
_aJorhat: _bBedakatha, _c2011. |
||
| 300 |
_a751p: _c18cm. |
||
| 653 | _aEast Indo-European & Celtic literatures | ||
| 942 | _cBK | ||
| 999 |
_c4579 _d4579 |
||